Producción, capacitación y comercialización de artesanías indígenas y tradicionales populares de los departamentos de Amazonas, Caquetá y Putumayo / (Registro nro. 7405)

Detalles MARC
000 -CABECERA
Campo de control 01094nam a22002297a 4500
005 - FECHA Y HORA DE LA ULTIMA TRANSACCION
Campo de control 20130722105743.0
008 - ELEMENTOS DE LONGITUD FIJA—INFORMACION GENERAL
Campo de control 130722b2010 ck ||||| |||| 00| 0 spa d
041 ## - IDIOMA
Código de idioma para texto/pista de sonido o título separado Español
044 ## - PAÍS DE PUBLICACIÓN
País de publicación Colombia
082 ## - NUMERO DE CLASIFICACION DECIMAL DEWEY
Número de clasificación 745.5
Número del ítem C822p
245 ## - MENCION DE TITULO
Título Producción, capacitación y comercialización de artesanías indígenas y tradicionales populares de los departamentos de Amazonas, Caquetá y Putumayo /
Parte restante del título Fase II - Informe de resultados
260 ## - PUBLICACION, DISTRIBUCION, ETC. (PIE DE IMPRENTA)
Lugar de publicación, distribución, etc. Bogotá :
Nombre del editor, distribuidor, etc. Artesanías de Colombia
-- CORPOAMAZONIAS
Fecha de publicación, distribución, etc. [2010].
300 ## - DESCRIPCION FISICA
Extensión 23 p.
Otros detalles físicos il.
Dimensiones 28 cm.
500 ## - NOTA GENERAL
Nota general Informe de resultados del proyecto.
650 #6 - ASIENTO SECUNDARIO DE MATERIA - TERMINO TEMATICO
Término temático o nombre geográfico como elemento de entrada Artesanías
Subdivisión geográfica Amazonas (Colombia)
-- Caquetá (Colombia)
-- Putumayo (Colombia)
650 #6 - ASIENTO SECUNDARIO DE MATERIA - TERMINO TEMATICO
Término temático o nombre geográfico como elemento de entrada Amazonas (Colombia)
Subdivisión general Aspectos económicos
-- Aspectos sociales
650 #6 - ASIENTO SECUNDARIO DE MATERIA - TERMINO TEMATICO
Término temático o nombre geográfico como elemento de entrada Caquetá (Colombia)
Subdivisión general Aspectos económicos
-- Aspectos sociales
650 #6 - ASIENTO SECUNDARIO DE MATERIA - TERMINO TEMATICO
Término temático o nombre geográfico como elemento de entrada Putumayo (Colombia)
Subdivisión general Aspectos económicos
-- Aspectos sociales
710 ## - ASIENTO SECUNDARIO - NOMBRE CORPORATIVO
Nombre corporativo o de jurisdicción como elemento de entrada Artesanías de Colombia
710 ## - ASIENTO SECUNDARIO - NOMBRE CORPORATIVO
Nombre corporativo o de jurisdicción como elemento de entrada Corporación para el desarrollo sostenible del Sur de la Amazonía - CORPOAMAZONIA
942 ## - ELEMENTOS ADICIONALES (KOHA)
Sistema de clasificación Dewey Decimal Classification
Tipo de ítem
Existencias
Withdrawn status Lost status Sistema de Clasificación Damaged status No para préstamo Colección Inventariado Ubicación Permanente Ubicación actual Fecha de adquisición Fuente de Valor Valor Total Checkouts Número topográfico Inventario / Código de Barras Date last seen Ejemplar Price effective from Tipo de material
    Dewey Decimal Classification     General Inventariado 2017 Bogotá Bogotá 22/07/2013 Instituto 39000.00   LB 745.5 C822p 028320 22/07/2013 Ej. 1 22/07/2013 Libro